000 01086nmm a2200373 a 4500
003 AR-BaBNM
005 20251128203049.0
008 176119s1956 ||||||||||||||000 | spa||
040 _cAR-BaBNM
100 1 _aImperatore, Amanda
245 1 0 _aLecciones de didáctica
_bdidáctica especial
_n2
260 _aBuenos Aires
_bLibrería del Colegio
_c1956
300 0 _a442 p.
650 4 _aDIDACTICA
650 4 _aENSENANZA DE LA LENGUA MATERNA
650 4 _aENSENANZA DE LA LECTURA
650 4 _aENSENANZA DE LAS MATEMATICAS
650 4 _aENSENANZA DE LA FISICA
650 4 _aENSENANZA DE LA GEOGRAFIA
650 4 _aENSENANZA DE LA HISTORIA
650 4 _aEDUCACION MORAL
650 4 _aEDUCACION CIVICA
650 4 _aEDUCACION ESTETICA
650 4 _aEDUCACION FISICA
650 4 _aPROGRAMAS DE EDUCACION
650 4 _aMETODOS DE ENSENANZA
653 0 _aENSENANZA DE LA GEOMETRIA
653 0 _aENSENANZA AGRARIA
653 0 _aTRABAJO MANUAL
653 0 _aEDUCACION PRIMARIA
653 0 _aENSENANZA DE LAS CIENCIAS NATURALES
942 _cBK
998 _cCARMEN
999 _c1721
_d1721